00664nam a2200205 4500003001100000005001700011008004100028040003900069041000800108082001600116100002200132245006100154260003300215300003000248650004200278650003200320650002900352650002400381650005300405LK-CoMWRAF20240118095620.0240118b2007 |||||||| |||| 00| 0 eng d aLK-CoMWRAFdLK-CoMWRAFeLK-CoMWRAF aeng a363.96bKAR aKariapper, Rehana aUnravelling realities : breproductive health and rights aLahore:bShirkat Gah, c2007 a iv, 66 p. : ill. ; 26 cm aBirth control- Pakistan- Case studies aMaternal and infant welfare aMaternal health services aReproductive Rights aWomen- Pakistan- Social conditions- Case studies